000
00340nam a2200145Ia 4500
008
230718s9999 xx 000 0 und d
041
_a
Eng.
082
_a
942.54
_b
TAR-C
100
_a
Tariq Aman
245
0
_a
Consulection of Islamic Rebu
260
_a
Pakistan
_b
Punjab Law Books
_c
2011
300
_a
248
650
_a
Law
999
_c
26212
_d
26212